000 00628nam a2200193 i 4500
001 78793
003 ES-MaACL
005 20230906173822.0
007 t|
008 041018s1968 sp ||||1| spa d
100 1 _aHayek, Michel.
_962191
245 1 0 _aCharbel Makhluf, monje de Oriente (1828-1898) /
_cMichel Hayek ; [traducción, Jesús Bermejo y Manuel Tardío, C.M.F.].
260 _aMadrid :
_bCoculsa,
_c[1968]
300 _aXV, 135 p. ;
_c21 cm.
600 0 4 _aCharbel Makhlouf,
_cSanto (
_d1828-1898)
_9172065
700 1 _aBermejo, Jesús.
_928087
700 1 _aTardío, Manuel.
_9109279
852 _aES-MaACL
_jC-49888
999 _c78793
_d78793